<?xml version="1.0" encoding="UTF-8"?>
<record
    xmlns:xsi="http://www.w3.org/2001/XMLSchema-instance"
    xsi:schemaLocation="http://www.loc.gov/MARC21/slim http://www.loc.gov/standards/marcxml/schema/MARC21slim.xsd"
    xmlns="http://www.loc.gov/MARC21/slim">

  <leader>00323nam a2200133Ia 4500</leader>
  <controlfield tag="008">191201s1980    xx            000 0 und d</controlfield>
  <datafield tag="100" ind1=" " ind2=" ">
    <subfield code="a">O' CONNOR, J D</subfield>
  </datafield>
  <datafield tag="245" ind1=" " ind2="0">
    <subfield code="a">Better English Pronunciation</subfield>
  </datafield>
  <datafield tag="250" ind1=" " ind2=" ">
    <subfield code="a">2nd</subfield>
  </datafield>
  <datafield tag="260" ind1=" " ind2=" ">
    <subfield code="a">N.Delhi</subfield>
    <subfield code="b">Cambridge Universty Press</subfield>
    <subfield code="c">1980</subfield>
  </datafield>
  <datafield tag="300" ind1=" " ind2=" ">
    <subfield code="a">150</subfield>
  </datafield>
  <datafield tag="650" ind1=" " ind2=" ">
    <subfield code="a">MBA</subfield>
  </datafield>
  <datafield tag="942" ind1=" " ind2=" ">
    <subfield code="2">ddc</subfield>
    <subfield code="c">BK</subfield>
  </datafield>
  <datafield tag="999" ind1=" " ind2=" ">
    <subfield code="c">3292</subfield>
    <subfield code="d">3292</subfield>
  </datafield>
  <datafield tag="952" ind1=" " ind2=" ">
    <subfield code="0">0</subfield>
    <subfield code="1">0</subfield>
    <subfield code="2">ddc</subfield>
    <subfield code="4">0</subfield>
    <subfield code="7">0</subfield>
    <subfield code="8">GENERAL</subfield>
    <subfield code="a">PIET</subfield>
    <subfield code="b">PIET</subfield>
    <subfield code="d">2007-09-28</subfield>
    <subfield code="e">J B C, New Delhi</subfield>
    <subfield code="g">95.00</subfield>
    <subfield code="k">1074</subfield>
    <subfield code="l">0</subfield>
    <subfield code="o">421.52 OCB</subfield>
    <subfield code="p">8383</subfield>
    <subfield code="r">2019-12-04 00:00:00</subfield>
    <subfield code="w">2007-09-22</subfield>
    <subfield code="y">BK</subfield>
    <subfield code="z">Language</subfield>
  </datafield>
  <datafield tag="952" ind1=" " ind2=" ">
    <subfield code="0">0</subfield>
    <subfield code="1">0</subfield>
    <subfield code="2">ddc</subfield>
    <subfield code="4">0</subfield>
    <subfield code="7">0</subfield>
    <subfield code="8">GENERAL</subfield>
    <subfield code="a">PIET</subfield>
    <subfield code="b">PIET</subfield>
    <subfield code="d">2007-09-28</subfield>
    <subfield code="e">J B C, New Delhi</subfield>
    <subfield code="g">95.00</subfield>
    <subfield code="k">1074</subfield>
    <subfield code="l">0</subfield>
    <subfield code="o">421.52 OCB</subfield>
    <subfield code="p">8384</subfield>
    <subfield code="r">2019-12-04 00:00:00</subfield>
    <subfield code="w">2007-09-22</subfield>
    <subfield code="y">BK</subfield>
    <subfield code="z">Language</subfield>
  </datafield>
</record>
